00982nab a22002177a 4500003000400000005001700004008004100021040000700062100002400069245005800093260007300151300001200224500004100236505017400277505009000451650002700541650002200568650001900590650001500609773014000624OSt20250313093001.0190604e xxu||||| |||| 00| 0 spa d cPJ aChiappini, Julio E.13aEl certiorari es inconstitucional /cJulio Chiappini. aCiudad Autónoma de Buenos Aires :bThomson Reuters La Ley, c2024. ap. 9-11 aCita Online: TR LALEY AR/DOC/934/24. aSumario: I. El art. 280 del Cód. Proc. Civil.— II. Las afirmaciones meramente dogmáticas.— III. La defensa en juicio y el debido proceso.— IV. ¿Qué hacer?  t¿Te interesa el texto completo? Solicitalo al correo: koha@justierradelfuego.gov.ar  0aRECURSO EXTRAORDINARIO 0aDEFENSA EN JUICIO 0aDEBIDO PROCESO 0aCERTIORARI0 02714dCiudad Autónoma de Buenos Aires : Thomson Reuters La Ley, 2014-tRevista anales de legislación argentina. Nº 7 - Junio 2024.